| 000 -LEADER | |
|---|---|
| fixed length control field | 00279nam a22001217a 4500 |
| 020 ## - INTERNATIONAL STANDARD BOOK NUMBER | |
| ISBN | 81-7151-057-4 |
| 050 ## - LIBRARY OF CONGRESS CALL NUMBER | |
| Classification number | DS 223 |
| 100 ## - MAIN ENTRY--AUTHOR NAME | |
| Personal name | ZAYADAN'S, Jurji |
| 245 ## - TITLE STATEMENT | |
| Title | History of Islamic civilization |
| 260 ## - PUBLICATION, DISTRIBUTION, ETC. (IMPRINT) | |
| Place of publication | New Delhi |
| Name of publisher | Kitab Bhavan |
| Year of publication | 1981 |
| 300 ## - PHYSICAL DESCRIPTION | |
| Number of Pages | 325 |
| Other physical details | index |
| 942 ## - ADDED ENTRY ELEMENTS (KOHA) | |
| Koha item type | Books |
No copies available.

